[Event "Quebec-ch U14"]
[Site "Montreal"]
[Date "2009.11.28"]
[Round "2"]
[White "Paille, Jordan"]
[Black "Vallieres, Clovis"]
[Result "1-0"]
[WhiteElo "1156"]
[BlackElo "1014"]
[PlyCount "75"]
[EventDate "2009.11.27"]
[EventType "swiss"]
[EventRounds "5"]
[EventCountry "CAN"]
[SourceTitle "EXT 2011"]
[Source "ChessBase"]
[SourceDate "2010.11.26"]
[SourceVersion "1"]
[SourceVersionDate "2010.11.26"]
[SourceQuality "1"]

1. d4 d5 2. Nc3 Nf6 3. Bf4 Nc6 4. g3 Bf5 5. a3 e6 6. Nb5 Qe7 7. Nxc7+ Kd8 8. Nxa8 e5 9. Bxe5 Nxe5 10. dxe5 Qxe5 11. Qd2 Qxb2 12. Rc1 Ne4 13. Qxd5+ Bd6 14. Rd1 Qxc2 15. Qa5+ Kc8 16. Qxf5+ Kb8 17. f3 Re8 18. fxe4 Rxe4 19. Rxd6 Rxe2+ 20. Bxe2 Qxf5 21. Rd8+ Qc8 22. Rxc8+ Kxc8 23. Nf3 Kb8 24. Kf2 Kxa8 25. Rd1 Kb8 26. Rd7 a5 27. Rxf7 Ka7 28. Rxg7 Kb6 29. Rxh7 a4 30. g4 Kc6 31. g5 b5 32. g6 b4 33. g7 b3 34. g8Q b2 35. Qg5 b1Q 36. Rh6+ Kd7 37. Qg7+ Kd8 38. Rh8# 1-0